000 00608nam a2200241 i 4500
001 C2-0265435
003 PPAK
005 20180727233422.0
008 050627s2004 nyu |||| ||||| | eng d
020 _a0446614963
040 _aPPAK
_beng
_cPPAK
_erda
082 0 4 _a823
_223
090 0 0 _a823
_bAND
_dG
100 1 _aAndrews, Russell,
_eauthor
245 1 0 _aAphrodite
264 1 _aNew York :
_bWarner Books ,
_c2004
300 _a452 pages ;
_c17 cm
336 _2rdacontent
_atext
337 _2rdamedia
_aunmediated
338 _2rdacarrier
_avolume
650 1 0 _aEnglish fiction
942 _ddc
_cB
999 _c74991
_d74991